000 00278nam a22001217a 4500
008 170303b xxu||||| |||| 00| 0 eng d
041 _aeng
080 _a616.073
100 _a6
101 _aSHM
245 _aTHE RADIOLOGIC CLINICS OF NORTH AMERICA
_cBOXT.L.M
942 _2udc
_cBK
999 _c6680
_d6680